000 00216nam a22000977a 4500
999 _c13962
_d13962
100 _aافتخار قطب
245 _aمجروح افکار
260 _aکراچی
_bماس پرنٹرز
300 _a229
942 _cBK